Programación administrativa en turbo pascal /
Guardado en:
| Autor Principal: | |
|---|---|
| Formato: | Libro |
| Publicado: |
Buenos Aires :
Mp ediciones,
1993
|
| Materias: | |
| Etiquetas: |
Agregar Etiqueta
Sin Etiquetas, Sea el primero en etiquetar este registro!
|
| LEADER | 00532nam a22001815a 4500 | ||
|---|---|---|---|
| 001 | CEM.cems013299 | ||
| 005 | 20100317130634.0 | ||
| 008 | 130507s1993##################000#0#####d | ||
| 003 | CEMS | ||
| 082 | 0 | 4 | |a 001.64 |
| 100 | 1 | |a Eggarter, Tomás Pedro | |
| 245 | 1 | 0 | |a Programación administrativa en turbo pascal / |c Tomás Eggarter |
| 260 | |a Buenos Aires : |b Mp ediciones, |c 1993 | ||
| 300 | |a 234 p. | ||
| 653 | |a Informática | ||
| 653 | |a Computación | ||
| 653 | |a Turbo pascal | ||
| 859 | |a CEMS |b BIB. CEMS - 11 de abril |h 001.64 |i Eg31 |p 25799.10 |t Ej.1 | ||
